Statistics for Countries that bordered the USSR

Click here to take the quiz!

General Stats

  • This quiz has been taken 59 times
  • The average score is 11 of 12

Answer Stats

Answer% Correct
China
98%
Poland
98%
Romania
98%
Afghanistan
97%
Finland
97%
Norway
97%
Turkey
97%
Iran
95%
Mongolia
95%
Hungary
93%
North Korea
93%
Czechoslovakia
85%

Score Distribution

Percentile by Number Answered

Percent of People with Each Score

Your Score History

You have not taken this quiz